000 00572nam a22002177a 4500
003 UA-OsUOA
001 52866
007 ta
008 20080305b un ||||| |||| 00| 0 ukr d
100 _aБендюк М.
090 _a908
_bБ-12
942 _cSA
040 _aUA-OsUOA
_bukr
_cUA-OsUOA
_dUA-OsUOA
245 _aКнязь Василь-Костянтин Острозький/Продовження, початок в №15-16
300 _aС.9
955 _a0
041 _aukr
080 _a908
773 0 _w52865
650 7 _a908 Краєзнавство
_2UDC
999 _c338947
_d338947